Diary of a wimpy kid quiz - Statistics

General Stats
  • This quiz has been taken 170 times
  • The average score is 6 of 10
Answer Stats
Hint Answer % Correct
Who is the main character? Greg
99%
Who is the main character's older brother? Rodrick
98%
Who is the main character's best friend? Rowley
97%
Who is the main character's younger brother? Manny
96%
Who is the author of the series? Jeff Kinney
70%
who is the illustrator of the series? Jeff Kinney
70%
How many books are there in the series? 21
20%
Who is the main character's best friends dad's name? Jefferson
10%
Who is the main character's dad's name? Heffley
9%
When was the first book published? 1 April 2007
2%
No matching quizzes found
Score Distribution
Percent of People with Each Score
Percentile by Number Answered
Your Score History
You have not taken this quiz